00314nam a2200133Ia 4500003000400000005001700004008004100021020002000062040002000082100002000102245003400122260001500156260000900171OSt20240224160354.0170524s9999 xx 000 0 und d a 978-1035308156 cIIMT UNIVERSITY aSethi -Praveen 0aHand Book Sustainable Tourism bAnmol Pub. c1999